000 00683nam a22002177a 4500
999 _c20267
_d20267
003 AR-CdUCM
008 190222b ||||| |||| 00| 0 spa d
040 _aMUNICIPALIDAD PROVINCIAL DEL CUSCO
_cBIBLIOTECA MUNICIPAL DEL CUSCO
041 _hspa
082 _a869.56/
_bSA22
100 _aSanchez, Luis Alberto
_91008
245 _aApuntes para la vida:
_bDe Alfredo Gonzales Prada /
260 _aLima :
_bGil,
_c1946.
300 _a49 páginas. ;
_c26 cm.
440 _aEdiciones del seminario de la facultad de letras
_942355
505 _aContenido : Vida y hechos historicos.
650 _aBiografía
_922
650 _aHistoria
_9136
942 _2ddc
_cLIBROS
945 _arcc